Artists With Most Album Sales - Statistics

General Stats
  • This quiz has been taken 34 times
  • The average score is 8 of 14
Answer Stats
Hint Answer % Correct
520 Beatles
94%
340 Michael Jackson
91%
325 Elvis Presley
75%
200-230 The Rolling Stones
75%
190-220 Queen
66%
250 Madonna
63%
200 AC/DC
59%
200‑230 Elton John
41%
247.5 Led Zeppelin
41%
200-230 Pink Floyd
41%
224 Eminem
31%
160-170 Mariah Carey
31%
190-195 U2
28%
170-200 Céline Dion
25%
No matching quizzes found
Score Distribution
Percent of People with Each Score
Percentile by Number Answered
Your Score History
You have not taken this quiz